00333nam a2200133Ia 4500003000400000008004100004082001800045100002800063245004500091250000800136260003000144300000700174650001800181OSt191201s2019 xx 000 0 und d a294.544 bCHS aCHAUDHARY, Birbal Singh 0aSacha Sukh: Amulaya Dhrohar Anupum Uphar a1st aKaithalbSadmarg Printers a96 aGeneral Books